000 00469nam a2200145 4500
999 _c10989
_d10989
008 181003b ||||| |||| 00| 0 eng d
022 _a2094-8042
082 _aDPer 370.105 M72 Jan-Dec 2011 v59-60
100 _931911
_aLattao, Thelma V.
245 _aBanghay-aralin sa musika VI/
_cThelma V. Lattao.
260 _aPhilippines:
_bIn the Grade School, Inc.,
_cc2011.
300 _av60 n6, pages 262-263;
_c27cm.
650 0 _931912
_aPoetry
_xMusic.
942 _2ddc
_cPER